01063nam a2200313 a 450000100060000000300090000600500170001500600150003200800410004701500360008801600300012401700530015402000180020703500210022504000280024604100130027408000240028708200170031110000200032824000310034824501540037926000310053330000170056449000260058150000590060760000260066665000370069270000200072925986CO-ViMGA20230915232141.0Mimo0002236317141112s2004 ck r 000 u spa d aMON0708 - 52707 MON0708 - 50771 abimoBNE20070571115 SpMaBN aB 2814 - 2007 Oficina Depósito Legal Barcelona a9788493521240 a(OCoLC)122937029 aCO-ViMGAbspacCO-ViMGA aspabeng a929 O'Kelly, Eugene04a155.934 O42m1 aO'Kelly, Eugene aChasing daylight Español10aMomentos perfectos : bcómo mi muerte inminente me transformó la vida. el relato final Eugene O'Kelly con Andrew Postman ; [traducción, EdiDe] a[Barcelona] Alienta [2007] a153 p. 22 cm aAlienta optimiza n. 5 a"Premio al mejor libro 2006, Financial Times" - - Cub. aO'Kelly, Eugene embne14aMuerte - Aspectos psicológicos1 aPostman, Andrew